=LDR 00000nam 2200000 4500 =001 INLIS000000001053809 =005 20250505085111 =035 ##$$a 0010-0525000015 =007 ta =008 250505################g##########0#ind## =020 ##$$a 979-578-023-9 =082 ##$$a 352.150 9598 =084 ##$$a 352.150 9598 MUS o =100 #$$a Mustari Pide =245 1#$$a Otonomi daerah dan kepala daerah memasuki abad xxi /$c Dr. Andi Mustari Pide., S.H =250 ##$$a Cetakan kedua =260 ##$$a Jakarta :$b Gaya Media Pratama,$c 1999 =300 ##$$a xxviii, 294 halaman ; $c 14,5 x 21 cm =650 #4$$a Otonomi Daerah =990 ##$$a 06470647